| 000 | 00454nam a2200169Ia 4500 | ||
|---|---|---|---|
| 001 | 62871 | ||
| 008 | 180601n ii |||gr||||Z||||||297 | ||
| 041 | _a297 | ||
| 082 | _a892.7 | ||
| 100 |
_aAli, Syed Abul Hasan., _eAuthor. |
||
| 245 | 0 |
_aQisasun Nabiyyeen (Part-1) _cSyed Abul Hasan Ali _hTextual Documents |
|
| 260 |
_bNadwa B, _c1987. |
||
| 300 |
_a761/isl: _c20cm. |
||
| 653 | _aArabic Literature | ||
| 653 | _aG- Islamic studies | ||
| 942 |
_2ddc _cBK |
||
| 999 |
_c63978 _d63978 |
||